[Event "St Petersburg Korchnoi Memorial op"]
[Site "St Petersburg"]
[Date "2023.08.23"]
[Round "8"]
[White "Balandina, Alisa"]
[Black "Lupolov, Boris"]
[Result "0-1"]
[WhiteElo "1803"]
[BlackElo "2104"]
[PlyCount "102"]
[EventDate "2023.08.18"]
[EventType "swiss"]
[EventRounds "9"]
[EventCountry "RUS"]
[SourceTitle "EXT 2024"]
[Source "ChessBase"]
[SourceDate "2023.10.10"]
[SourceVersion "1"]
[SourceVersionDate "2023.10.10"]
[SourceQuality "1"]

1. e4 c6 2. d4 d5 3. e5 Bf5 4. c4 e6 5. Nc3 Ne7 6. a3 dxc4 7. Bxc4 Nd7 8. Nge2 Nb6 9. Ba2 Qd7 10. 0-0 Bg6 11. Ng3 0-0-0 12. Be3 h5 13. Qd2 h4 14. Nge2 f6 15. Nf4 Bf5 16. exf6 gxf6 17. Ne4 Ned5 18. Nxd5 Nxd5 19. Nc3 Bd6 20. Bxd5 exd5 21. Bf4 Rdg8 22. f3 Bh3 23. Rf2 Bxf4 24. Qxf4 Qg7 25. Qd2 Rh5 26. Kh1 Rg5 27. Rg1 Qh7 28. b4 Bd7 29. a4 f5 30. Qf4 Qe7 31. b5 R5g6 32. bxc6 Bxc6 33. Rc1 Qd6 34. Qxf5+ Kb8 35. Nb5 Bxb5 36. axb5 h3 37. g3 Rf8 38. Rfc2 Re6 39. Qxh3 a6 40. bxa6 Qxa6 41. Qf1 Qa3 42. Rc3 Qb2 43. R1c2 Qb4 44. Qa1 Rfe8 45. Qb2 Qe7 46. Kg2 Re1 47. Ra3 Rh8 48. h4 Rg8 49. Qa2 Rg1+ 50. Kh2 Rh1+ 51. Kg2 Rxg3+ 0-1

[Event "St Petersburg Korchnoi Memorial op"]
[Site "St Petersburg"]
[Date "2023.08.21"]
[Round "6"]
[White "Balandina, Alisa"]
[Black "Sediki, Shapur"]
[Result "0-1"]
[WhiteElo "1803"]
[BlackElo "1402"]
[PlyCount "90"]
[EventDate "2023.08.18"]
[EventType "swiss"]
[EventRounds "9"]
[EventCountry "RUS"]
[SourceTitle "EXT 2024"]
[Source "ChessBase"]
[SourceDate "2023.10.10"]
[SourceVersion "1"]
[SourceVersionDate "2023.10.10"]
[SourceQuality "1"]

1. e4 c5 2. Nf3 d6 3. d4 cxd4 4. Nxd4 Nf6 5. Nc3 g6 6. Be3 Bg7 7. f3 0-0 8. Qd2 Nc6 9. Bc4 Bd7 10. 0-0-0 Rc8 11. Bb3 Nxd4 12. Bxd4 b5 13. e5 dxe5 14. Bxe5 Bc6 15. Qe3 Qa5 16. Bd4 b4 17. Ne4 Ba4 18. Nxf6+ exf6 19. Kb1 Bxb3 20. Qxb3 Qc7 21. h4 a5 22. h5 Rfe8 23. h6 Bf8 24. Qd3 Rcd8 25. c3 Rd6 26. Rde1 Red8 27. Qe4 Qb8 28. Ka1 a4 29. Rb1 Qb5 30. g4 Re6 31. Qf4 Bd6 32. Qd2 b3 33. Rbe1 a3 34. Rxe6 fxe6 35. Bxf6 axb2+ 36. Qxb2 Ra8 37. Rb1 Ra3 38. g5 Qa6 39. Qxa3 Bxa3 40. Rxb3 Qf1+ 41. Rb1 Qxf3 42. c4 Qc6 43. Rd1 Kf7 44. Bg7 Qxc4 45. Bf6 Be7 0-1

[Event "Chigorin Memorial 28th"]
[Site "St Petersburg"]
[Date "2021.10.27"]
[Round "5"]
[White "Zayed, Ali Al Hamed"]
[Black "Balandina, Alisa"]
[Result "1-0"]
[WhiteElo "1957"]
[BlackElo "1801"]
[PlyCount "87"]
[EventDate "2021.10.23"]
[EventType "swiss"]
[EventRounds "9"]
[EventCountry "RUS"]
[SourceTitle "EXT 2023"]
[Source "ChessBase"]
[SourceDate "2022.10.05"]
[SourceVersion "1"]
[SourceVersionDate "2022.10.05"]
[SourceQuality "1"]

1. e4 c5 2. Nf3 e6 3. Nc3 Nf6 4. e5 Nd5 5. Ne4 Qc7 6. b3 Nc6 7. Bb2 Nf4 8. g3 Ng6 9. Nd6+ Bxd6 10. exd6 Qxd6 11. Bxg7 Rg8 12. Bb2 b6 13. Rg1 Bb7 14. Qe2 Nb4 15. 0-0-0 Nxa2+ 16. Kb1 Nb4 17. d4 Rc8 18. Ng5 Qe7 19. Ne4 d5 20. Nc3 cxd4 21. Rxd4 Nc6 22. Rd1 a6 23. Bh3 b5 24. Rge1 Nd8 25. Qh5 Qc5 26. Qe2 Ne7 27. f4 Ndc6 28. f5 Nd4 29. Rxd4 Qxd4 30. fxe6 f6 31. Nxb5 Qb6 32. Nd4 Rg5 33. Qf3 Rg6 34. Qh5 Qb4 35. Re2 a5 36. Qxh7 Rg8 37. Nf5 Rf8 38. Ka2 a4 39. Nd4 axb3+ 40. cxb3 Ra8+ 41. Kb1 Qa5 42. Nf5 Qa2+ 43. Kc1 Rc8+ 44. Rc2 1-0